Eastern Utah Libraries Catalog: Duchesne, Heber, Roosevelt, & Vernal

Survivor in death / (Record no. 18747)

MARC details
000 -LEADER
fixed length control field 01276cam a22004218a 4500
003 - CONTROL NUMBER IDENTIFIER
control field OCoLC
005 - DATE AND TIME OF LATEST TRANSACTION
control field 20241220111342.0
008 - FIXED-LENGTH DATA ELEMENTS--GENERAL INFORMATION
fixed length control field 040803s2005 nyu 000 1 eng
001 - CONTROL NUMBER
control field 56129230
010 ## - LIBRARY OF CONGRESS CONTROL NUMBER
LC control number 2004053538
020 ## - INTERNATIONAL STANDARD BOOK NUMBER
International Standard Book Number 0399152083 (acidfree paper)
035 ## - SYSTEM CONTROL NUMBER
System control number (Sirsi) i9780399152085
040 ## - CATALOGING SOURCE
Original cataloging agency DLC
Transcribing agency DLC
Modifying agency JPL
-- GZD
043 ## - GEOGRAPHIC AREA CODE
Geographic area code n-us-ny
049 ## - LOCAL HOLDINGS (OCLC)
Holding library GZDA
Local processing data ls*
082 00 - DEWEY DECIMAL CLASSIFICATION NUMBER
Classification number 813/.54
Edition number 22
099 ## - LOCAL FREE-TEXT CALL NUMBER (OCLC)
Classification number MYS
082 ## - DEWEY DECIMAL CLASSIFICATION NUMBER
Classification number ROB
092 ## - LOCALLY ASSIGNED DEWEY CALL NUMBER (OCLC)
Classification number ROB
100 1# - MAIN ENTRY--PERSONAL NAME
Personal name Robb, J. D.,
Dates associated with a name 1950-
9 (RLIN) 43194
245 10 - TITLE STATEMENT
Title Survivor in death /
Statement of responsibility, etc J.D. Robb.
260 ## - PUBLICATION, DISTRIBUTION, ETC. (IMPRINT)
Place of publication, distribution, etc New York :
Name of publisher, distributor, etc G.P. Putnam's Sons,
Date of publication, distribution, etc c2005.
263 ## - PROJECTED PUBLICATION DATE
Projected publication date 0501
300 ## - PHYSICAL DESCRIPTION
Extent 376 p. ;
Dimensions 24 cm.
650 #0 - SUBJECT ADDED ENTRY--TOPICAL TERM
Topical term or geographic name as entry element Dallas, Eve (Fictitious character)
Form subdivision Fiction.
9 (RLIN) 5673705
650 #0 - SUBJECT ADDED ENTRY--TOPICAL TERM
Topical term or geographic name as entry element Police
Geographic subdivision New York (State)
-- New York
Form subdivision Fiction.
9 (RLIN) 5674053
650 #0 - SUBJECT ADDED ENTRY--TOPICAL TERM
Topical term or geographic name as entry element Murder victims' families
Form subdivision Fiction.
9 (RLIN) 5681342
650 #0 - SUBJECT ADDED ENTRY--TOPICAL TERM
Topical term or geographic name as entry element Twenty-first century
Form subdivision Fiction.
9 (RLIN) 5681343
650 #0 - SUBJECT ADDED ENTRY--TOPICAL TERM
Topical term or geographic name as entry element Child witnesses
Form subdivision Fiction.
9 (RLIN) 5679974
650 #0 - SUBJECT ADDED ENTRY--TOPICAL TERM
Topical term or geographic name as entry element Policewomen
Form subdivision Fiction.
9 (RLIN) 5674055
650 #0 - SUBJECT ADDED ENTRY--TOPICAL TERM
Topical term or geographic name as entry element Mass murder
Form subdivision Fiction.
9 (RLIN) 5681344
651 #0 - SUBJECT ADDED ENTRY--GEOGRAPHIC NAME
Geographic name New York (N.Y.)
Form subdivision Fiction.
9 (RLIN) 5673704
655 #7 - INDEX TERM--GENRE/FORM
Genre/form data or focus term Mystery fiction.
Source of term gsafd
9 (RLIN) 6116167
655 #0 - INDEX TERM--GENRE/FORM
Genre/form data or focus term Science fiction.
9 (RLIN) 6116168
942 ## - ADDED ENTRY ELEMENTS (KOHA)
Koha item type BOOK
979 ## -
-- 351323
998 ## - LOCAL CONTROL INFORMATION (RLIN)
-- a37897
Holdings
Withdrawn status Lost status Source of classification or shelving scheme Damaged status Not for loan Collection code Home library Current library Shelving location Date acquired Source of acquisition Total Checkouts Full call number Barcode Date last seen Date checked out Cost, replacement price Price effective from Koha item type
    Dewey Decimal Classification     Fiction Wasatch County Library Wasatch County Library First Floor 06/14/2021 Donation 4 F Robb 34301001872029 01/15/2025 01/06/2025 23.95 06/14/2021 BOOK
This project was made possible through a grant from the Institute of Museum and Library Service administered by the Utah State Library Division.

Wasatch County Library

  • 465 East 1200 South, Heber City, Utah 84032
  • Phone 435-654-1511 | Fax 435-654-6456

Hours

  • Monday - Friday 9:30 AM - 8:00 PM
  • Saturday 9:30 AM - 1:30 PM
  • Closed Sundays and Holidays